000 00593nam a2200193Ia 4500
005 20250508165937.0
008 008 250505s9999 xx 000 0 eng d
037 _aDissertations
040 _aFEDL
_beng
_cFEDL
041 _aeng
_2eng
084 _a371.03, DON/DI
_qFEDL
100 _aDonsel Tenzin
_9782487
245 0 _aReligio- cultural identity of Tibetan refugee children in a Tibetan refugee school in India
260 _c2018
300 _a54p.
546 _aM.Ed. Dissertation, (Delhi University)
942 _cDIS
_h371.03, DON/DI
999 _c1398334
_d1398334